00690nam a2200193 a 450000100100000000500170001000800410002702000150006808200160008324501370009925000120023626000540024830000100030249000600031265000230037265000360039565000320043170000330046300005603220200120223214.0051128s2002 ch er 000 f spa d a956813410704a004.65bM4713aEl mito internet :bdoce artículos publicados en Le Monde Diplomatique (Seis inéditos en Chile) /cJosé Saramago ... [et al.]. a1a. ed. aSantiago :bAún Creemos en los Sueños,c2002. a87 p.0 aSelección de artículos de Le Monde Diplomatiquev1024aInternetxHistoria24aInternetxAspectos económicos24aInnovaciones tecnológicas1 aSaramago, José,d1922-2010